000 00582nam a2200205Ia 4500
005 20250508163128.0
008 008 250505s9999 xx 000 0 eng d
020 _a1-85000-088-3
037 _aTextual
040 _aFEDL
_beng
_cFEDL
041 _aeng
_2eng
084 _a371.144, BRI
_qFEDL
100 _aBridges Edwin M
_9623170
245 0 _aIncompetent teacher : The challenge and the response
260 _aPhiladelphia
_bThe Falmer Press
_c1986
300 _aix,191p
650 _aTeaching
942 _cTEXL
_h371.144, BRI
999 _c1381016
_d1381016